Patio trasero.
Spremljeno u:
| Glavni autor: | |
|---|---|
| Daljnji autori: | , , |
| Format: | Knjiga |
| Izdano: |
Valparaíso, Chile:
Óleo editores,
2023.
|
| Izdanje: | Edición Bilingue |
| Teme: | |
| Oznake: |
Dodaj oznaku
Bez oznaka, Budi prvi tko označuje ovaj zapis!
|
MARC
| LEADER | 00000nam a22000007a 4500 | ||
|---|---|---|---|
| 003 | CL-VaPUC | ||
| 005 | 20241024103819.0 | ||
| 008 | 241015t2023 ||||| |||| 00| 0 eng d | ||
| 999 | |c 445133 |d 445131 | ||
| 020 | |a 978-956-6188-31-5 | ||
| 040 | |c Pontificia Universidad Católica de Valparaíso | ||
| 082 | |a 759.98324 CAN 2023 |2 22 | ||
| 100 | 1 | |a Canto Velis, Edgar del |e autor |9 892324 | |
| 245 | |a Patio trasero. | ||
| 250 | |a Edición Bilingue | ||
| 260 | |a Valparaíso, Chile: |b Óleo editores, |c 2023. | ||
| 300 | |a 111 páginas; fotografías | ||
| 500 | |a c.1 Donación Valentina Arévalo. Memo His/19. Recibido GC 11-10-2024 | ||
| 583 | |c 20241015 |k Catalogador Asistente | ||
| 650 | 0 | |9 877552 |a Pintura chilena |x Expresionismo |y Siglo 21 | |
| 651 | 0 | |9 261144 |a Valparaíso, Chile |x Obras y pinturas artísticas |x Estallido social 2019 |x Confinamiento pandemia COVID-19 | |
| 700 | |a Arévalo Vidal, Valentina |e curadora |e textos |9 892325 | ||
| 700 | |a Guzmán Quintana, Antonio |e textos |9 892326 | ||
| 700 | |a Oyarzún Cartagena, Vicente |e traducción |9 892327 | ||
| 942 | |2 ddc |c BK | ||
| 952 | |0 0 |1 0 |2 ddc |4 0 |6 759_983240000000000_CAN_2023 |7 0 |8 A |9 597360 |a BIBHIS |b BIBHIS |d 2024-10-15 |e Donación |i 5663062 |o 759.98324 CAN 2023 |p 5663062 |r 2025-01-20 |t 1 |w 2024-10-15 |y BK |k HIS | ||